[Event "ARM-ROW Match"]
[Site "Moscow RUS"]
[Date "2004.06.13"]
[Round "4"]
[White "Van Wely,L"]
[Black "Akopian,Vl"]
[Result "0-1"]
[WhiteElo "2651"]
[BlackElo "2689"]
[EventDate "2004.06.10"]

1. d4 Nf6 2. c4 e6 3. Nf3 b6 4. g3 Ba6 5. b3 Bb4+ 6. Bd2 Be7 7. Nc3 O-O 8.
e4 d5 9. cxd5 Bxf1 10. Kxf1 exd5 11. e5 Ne4 12. Kg2 Qd7 13. Re1 Nxc3 14.
Bxc3 Nc6 15. Ng1 Nd8 16. f4 f5 17. Qf3 Ne6 18. Rad1 a5 19. Ne2 g6 20. h3 b5
21. Rc1 b4 22. Bd2 a4 23. Rc2 axb3 24. axb3 Ra3 25. Rec1 Rfa8 26. Qd3 Qa4
27. Rb1 Qa6 28. Qxa6 R8xa6 29. g4 h5 30. gxf5 gxf5 31. Be3 h4 32. Nc1 Kf7
33. Kf3 Ra8 34. Bf2 Rg8 35. Ne2 Ke8 36. Be3 Kd7 37. Bf2 Rg6 38. Be3 Rg8 39.
Bf2 Rga8 40. Nc1 Ra1 41. Rbb2 c6 42. Ne2 Rh1 43. Kg2 Rd1 44. Kh2 Ra3 45.
Rc1 Rxc1 46. Nxc1 Nxf4 47. Be3 Ne6 48. Ne2 Ra1 49. Kg2 Rd1 50. Ra2 Rd3 51.
Ra7+ Ke8 52. Kf2 Rxb3 53. Ra6 Kd7 54. Ra7+ Ke8 55. Ra6 Rb2 56. Rxc6 Kd7 57.
Rb6 f4 58. Rb7+ Ke8 59. Bc1 Rc2 60. Kf3 Ng5+ 61. Kf2 Nxh3+ 62. Kf3 Ng5+ 63.
Kf2 Ne6 64. Kf3 h3 65. Rb8+ Bd8 0-1